000 00371nam a22001451a 4500
082 _aH 294.592 1
_bRAG/V
100 _aRaghuvir Vedalankar
245 _aVedic ithihas vimarsh/
_cby Raghuvir Vedalankar
260 _aDelhi:
_bPrachya Vidyapratishtanam,
_c2005.
300 _a342p.
650 _aVedic Literature
650 _aHinduism
650 _aReligion
942 _cBK
999 _c49483
_d49483